Score 0/20 Timer 03:00
2 Plays Today
Title Word % Correct
___ Role ModelzNo
89.5%
Wet ___Dreamz
88.6%
___ YourzLove
81.4%
Power ___Trip
77.2%
For ___ the Bell TollsWhom
76.5%
___ SmileCrooked
76.2%
She's ___, Pt. 2Mine
76%
___ WorldCole
72.8%
Fire ___Squad
72.7%
___ MentalityVille
66.5%
Title Word % Correct
St. ___Tropez
65.3%
03' ___Adolescence
64.3%
___ ClothesFoldin'
64.1%
She ___Knows
63.9%
___ And a DreamDollar
63.5%
Let ___ DownNas
62.2%
LAnd of the ___Snakes
60.2%
Lights ___Please
59.9%
Lost ___Ones
58.1%
___ OutWork
53.7%

Today's Daily Dose

Remove Ads.
Support Sporcle.
Get the best of Sporcle when you Go Orange. This ad-free experience offers more features, more stats, and more fun while also helping to support Sporcle. Thank you for becoming a member.

You're not logged in!

Compare scores with friends on all Sporcle quizzes.
OR
Log In

Sporcle TV

Today on Sporcle TV


Watch our educational content, quiz creation guides, and fun videos on Sporcle TV.

Show Comments

Extras

Top Quizzes Today


Score Distribution

Paid Content

Your Account Isn't Verified!

In order to create a playlist on Sporcle, you need to verify the email address you used during registration. Go to your Sporcle Settings to finish the process.

Report this User

Report this user for behavior that violates our Community Guidelines.

Details: